书目信息 |
| 题名: |
中国名花工笔线描画谱
|
|
| 作者: | 李秀云 编绘 | |
| 分册: | 菊花 | |
| 出版信息: | 合肥 安徽美术出版社 2008.09 |
|
| 页数: | 36页 | |
| 开本: | 25cm | |
| 丛书名: | ||
| 单 册: | ||
| 中图分类: | J212.27 | |
| 科图分类: | ||
| 主题词: | 菊花--ju hua--白描--工笔画--花卉画--技法 (美术) | |
| 电子资源: | ||
| ISBN: | 978-7-5398-1940-2 | |
| 000 | 00842nam0 2200241 450 | |
| 001 | 012009063046 | |
| 005 | 20090503083908.64 | |
| 010 | @a978-7-5398-1940-2@dCNY14.00 | |
| 100 | @a20090503d2008 em y0chi0120 ea | |
| 101 | 0 | @achi |
| 102 | @aCN@b340000 | |
| 105 | @aah z 000yy | |
| 106 | @ar | |
| 200 | 1 | @a中国名花工笔线描画谱@Azhong guo ming hua gong bi xian miao hua pu@i菊花@f李秀云编绘@Fli xiu yun bian hui |
| 210 | @a合肥@c安徽美术出版社@d2008.09 | |
| 215 | @a36页@c图, 摹真@d25cm | |
| 330 | @a本书介绍了中国名花工笔线描画谱中菊花的作画步骤,“秋来谁来作韵花主,撑住残秋是菊花”秋菊能傲霜风在名利之外。 | |
| 517 | 1 | @a菊花@Aju hua |
| 606 | 0 | @a菊花@Aju hua@x白描@x工笔画@x花卉画@x技法 (美术) |
| 690 | @aJ212.27@v4 | |
| 701 | 0 | @a李秀云@Ali xiu yun@4编绘 |
| 801 | 0 | @aCN@bQSSK@c20090503 |
| 905 | @b741997-99@dJ212.27@eL308@f3 | |
| 中国名花工笔线描画谱.菊花/李秀云编绘.-合肥:安徽美术出版社,2008.09 |
| 36页:图, 摹真;25cm |
| ISBN 978-7-5398-1940-2:CNY14.00 |
| 本书介绍了中国名花工笔线描画谱中菊花的作画步骤,“秋来谁来作韵花主,撑住残秋是菊花”秋菊能傲霜风在名利之外。 |
| ● |
| 相关链接 |
|
|
|
正题名:中国名花工笔线描画谱
索取号:J212.27/L308
 
预约/预借
| 序号 | 登录号 | 条形码 | 馆藏地/架位号 | 状态 | 备注 |
| 1 | 741997 | 207419970 | 社科库309/309社科库 69排3列2层/ [索取号:J212.27/L308] | 在馆 | |
| 2 | 741998 | 207419989 | 社科库309/309社科库 69排3列2层/ [索取号:J212.27/L308] | 在馆 | |
| 3 | 741999 | 207419998 | 艺术设计学院资料室/ [索取号:J212.27/L308] | 在馆 |